[Event "GER HS-235 email"]
[Site "GER email"]
[Date "2018.01.06"]
[Round "?"]
[White "Buchhauser, Gerhard"]
[Black "Nitschke, Norbert"]
[Result "0-1"]
[WhiteElo "1752"]
[BlackElo "1898"]
[PlyCount "118"]
[EventDate "2018.01.15"]
[EventType "tourn (corr)"]
[EventRounds "6"]
[EventCountry "GER"]
[SourceTitle "Corr 2022"]
[Source "ChessBase"]
[SourceDate "2021.10.24"]
[SourceVersion "1"]
[SourceVersionDate "2021.10.24"]
[SourceQuality "1"]

1. e4 e5 2. Nf3 Nc6 3. Bb5 a6 4. Ba4 Be7 5. 0-0 Nf6 6. Nc3 b5 7. Bb3 0-0 8. Re1 d6 9. h3 Na5 10. d3 Bb7 11. Ne2 g6 12. c3 Nxb3 13. Qxb3 Nd7 14. Bh6 Re8 15. Ng3 c5 16. Rad1 Qc7 17. h4 c4 18. dxc4 Nc5 19. Qc2 bxc4 20. b3 cxb3 21. axb3 Rec8 22. h5 a5 23. c4 a4 24. bxa4 Bc6 25. Ra1 Rxa4 26. Be3 Qa5 27. Rxa4 Qxa4 28. Qxa4 Nxa4 29. Ra1 f6 30. Nd2 Rb8 31. Kf1 Bd8 32. Ke2 Kf7 33. f3 Ba5 34. hxg6+ hxg6 35. Ngf1 f5 36. Kd3 f4 37. Bf2 Rb2 38. g3 g5 39. gxf4 gxf4 40. Bg1 Kg6 41. Bf2 Kg5 42. Bg1 Kh4 43. Rb1 Rxb1 44. Nxb1 Nb2+ 45. Kc2 Nxc4 46. Ba7 Bb5 47. Bf2+ Kh3 48. Nfd2 Ba4+ 49. Kc1 Ne3 50. Na3 Kg2 51. Bh4 Bb4 52. Nab1 Bc2 53. Kb2 Bxb1 54. Nxb1 Kxf3 55. Kb3 Bc5 56. Nc3 Bd4 57. Nb5 Kxe4 58. Nxd6+ Kd3 59. Nf7 Nf5 0-1

[Event "GER HS-235 email"]
[Site "GER email"]
[Date "2018.01.06"]
[Round "?"]
[White "Jakobi, Wilfried"]
[Black "Buchhauser, Gerhard"]
[Result "0-1"]
[WhiteElo "1501"]
[BlackElo "1752"]
[PlyCount "24"]
[EventDate "2018.01.15"]
[EventType "tourn (corr)"]
[EventRounds "6"]
[EventCountry "GER"]
[SourceTitle "Corr 2022"]
[Source "ChessBase"]
[SourceDate "2021.10.24"]
[SourceVersion "1"]
[SourceVersionDate "2021.10.24"]
[SourceQuality "1"]

1. e4 e5 2. Nf3 Nc6 3. d4 exd4 4. Nxd4 Bc5 5. Nxc6 Qf6 6. f3 dxc6 7. c3 Ne7 8. Bd3 Be6 9. Qe2 Ng6 10. Be3 Nf4 11. Bxf4 Qxf4 12. g3 Qc1+ 0-1

[Event "GER-Cup28 E/V04 email"]
[Site "GER email"]
[Date "2016.02.23"]
[Round "?"]
[White "Buchhauser, Gerhard"]
[Black "Hoehne, Ernst"]
[Result "1/2-1/2"]
[WhiteElo "1834"]
[BlackElo "2022"]
[PlyCount "64"]
[EventDate "2016.02.29"]
[EventType "tourn (corr)"]
[EventRounds "4"]
[EventCountry "GER"]
[SourceTitle "Corr 2020"]
[Source "ChessBase"]
[SourceDate "2019.09.30"]
[SourceVersion "1"]
[SourceVersionDate "2019.09.30"]
[SourceQuality "1"]

1. e4 c5 2. Nf3 d6 3. d4 cxd4 4. Nxd4 Nf6 5. Nc3 a6 6. Bg5 e6 7. Be2 Be7 8. 0-0 0-0 9. a3 h6 10. Be3 Nbd7 11. b4 Qc7 12. Qd2 b5 13. f3 Bb7 14. Bd3 Ne5 15. Rac1 Rac8 16. Nce2 d5 17. exd5 Nxd5 18. f4 Ng4 19. Bf2 Nb6 20. Bg3 Nc4 21. Bxc4 Qxc4 22. c3 Qd5 23. Nf3 Qxd2 24. Nxd2 Ne3 25. Rf2 Rfd8 26. Nf3 Rd1+ 27. Rxd1 Nxd1 28. Rf1 Nxc3 29. Ned4 Bd8 30. Kh1 Bb6 31. Bf2 Nd5 32. g3 Rc3 1/2-1/2

[Event "GER Liga Q Server-30 email"]
[Site "GER email"]
[Date "2015.03.10"]
[Round "?"]
[White "Wittlieb, Friedhelm"]
[Black "Buchhauser, Gerhard"]
[Result "0-1"]
[WhiteElo "1273"]
[BlackElo "1817"]
[PlyCount "30"]
[EventDate "2015.03.23"]
[EventType "tourn (corr)"]
[EventRounds "6"]
[EventCountry "GER"]
[SourceTitle "Corr 2020"]
[Source "ChessBase"]
[SourceDate "2019.09.30"]
[SourceVersion "1"]
[SourceVersionDate "2019.09.30"]
[SourceQuality "1"]

1. e4 e5 2. Nf3 Nc6 3. Nc3 Nf6 4. Bc4 Bc5 5. Nd5 d6 6. d3 h6 7. 0-0 Bg4 8. Nh4 Bxd1 9. Rxd1 Nxd5 10. Nf5 Qf6 11. Bxd5 g6 12. Nxh6 Qxf2+ 13. Kh1 Qh4 14. Rf1 Rxh6 15. g3 Qxh2# 0-1

[Event "GER-Cup25 E/V02 email"]
[Site "GER email"]
[Date "2015.03.07"]
[Round "?"]
[White "Lukas, Norbert"]
[Black "Buchhauser, Gerhard"]
[Result "1-0"]
[WhiteElo "1945"]
[BlackElo "1817"]
[PlyCount "51"]
[EventDate "2015.03.18"]
[EventType "tourn (corr)"]
[EventRounds "4"]
[EventCountry "GER"]
[SourceTitle "Corr 2020"]
[Source "ChessBase"]
[SourceDate "2019.09.30"]
[SourceVersion "1"]
[SourceVersionDate "2019.09.30"]
[SourceQuality "1"]

1. e4 e5 2. Nf3 Nc6 3. Bc4 Bc5 4. c3 Nf6 5. d3 h6 6. b4 Be7 7. a4 d6 8. h3 0-0 9. 0-0 a6 10. Nbd2 Nh7 11. Re1 Kh8 12. Ba3 f5 13. b5 axb5 14. axb5 Na7 15. Bb4 Bd7 16. exf5 Nxb5 17. Rxa8 Qxa8 18. Nxe5 dxe5 19. Bxe7 Rxf5 20. Nf3 Qe8 21. Nxe5 Nf8 22. Bxb5 Bxb5 23. Qg4 g6 24. Bxf8 Rg5 25. Qd4 Qxf8 26. Nxg6+ 1-0

[Event "GER Liga Q Server-26 email"]
[Site "GER email"]
[Date "2014.06.11"]
[Round "?"]
[White "Buchhauser, Gerhard"]
[Black "Harf, Heinz"]
[Result "0-1"]
[WhiteElo "1817"]
[BlackElo "1982"]
[PlyCount "44"]
[EventDate "2014.06.20"]
[EventType "tourn (corr)"]
[EventRounds "6"]
[EventCountry "GER"]
[SourceTitle "Corr 2020"]
[Source "ChessBase"]
[SourceDate "2019.09.30"]
[SourceVersion "1"]
[SourceVersionDate "2019.09.30"]
[SourceQuality "1"]

1. e4 e5 2. Nf3 Nc6 3. Bb5 Nf6 4. 0-0 Nxe4 5. Re1 Nd6 6. Bxc6 dxc6 7. Nxe5 Be7 8. d4 0-0 9. Bf4 Re8 10. Qf3 Bf5 11. c3 f6 12. Nd3 Nc4 13. Bxc7 Qd5 14. Qxd5+ cxd5 15. Nf4 Bd6 16. Na3 Bxc7 17. Nxd5 Nxa3 18. Nxc7 Rxe1+ 19. Rxe1 Nc2 20. Re2 Rc8 21. Nd5 Nxd4 22. Rd2 Nc6 0-1

[Event "GER-Cup22 E/V05 email"]
[Site "GER email"]
[Date "2014.05.12"]
[Round "?"]
[White "Buchhauser, Gerhard"]
[Black "Pimmingstorfer, Christian"]
[Result "1/2-1/2"]
[WhiteElo "1817"]
[BlackElo "1563"]
[PlyCount "62"]
[EventDate "2014.05.19"]
[EventType "tourn (corr)"]
[EventRounds "4"]
[EventCountry "GER"]
[SourceTitle "Corr 2020"]
[Source "ChessBase"]
[SourceDate "2019.09.30"]
[SourceVersion "1"]
[SourceVersionDate "2019.09.30"]
[SourceQuality "1"]

1. e4 e5 2. Nf3 Nf6 3. d4 Nxe4 4. Nxe5 d5 5. Bd3 Nd7 6. Qe2 Nxe5 7. dxe5 Nc5 8. Nc3 Be6 9. Bf4 Be7 10. 0-0-0 0-0 11. Qh5 Nxd3+ 12. Rxd3 Qd7 13. h3 c6 14. Re1 Bf5 15. Rg3 Bg6 16. Qe2 Rae8 17. Rf3 Qe6 18. Bh2 f6 19. Qd1 Bb4 20. a3 Bxc3 21. Rxc3 Qf5 22. f4 fxe5 23. fxe5 Qg5+ 24. Qd2 Qxd2+ 25. Kxd2 Rf2+ 26. Re2 Rxe2+ 27. Kxe2 Kf7 28. Rf3+ Ke6 29. c3 Be4 30. Rf2 Re7 31. Ke3 Rf7 1/2-1/2

[Event "GER-Cup20 E/V03 email"]
[Site "GER email"]
[Date "2013.12.04"]
[Round "?"]
[White "Buchhauser, Gerhard"]
[Black "Schidzick, Juergen"]
[Result "1-0"]
[WhiteElo "1817"]
[BlackElo "1586"]
[PlyCount "53"]
[EventDate "2013.12.13"]
[EventType "tourn (corr)"]
[EventRounds "4"]
[EventCountry "GER"]
[SourceTitle "Corr 2020"]
[Source "ChessBase"]
[SourceDate "2019.09.30"]
[SourceVersion "1"]
[SourceVersionDate "2019.09.30"]
[SourceQuality "1"]

1. e4 g6 2. d4 Bg7 3. Nf3 e6 4. Bg5 f6 5. Bh4 Ne7 6. c3 c6 7. Bd3 d6 8. Qb3 d5 9. Nbd2 b6 10. 0-0-0 Bb7 11. Rde1 0-0 12. g4 Nd7 13. Re2 b5 14. Rhe1 a5 15. exd5 Nxd5 16. Rxe6 a4 17. Qc2 Nf4 18. Re7 Nxd3+ 19. Qxd3 Rf7 20. R7e2 Bf8 21. Ne4 Kg7 22. g5 f5 23. Nf6 Bd6 24. Ne5 Nxe5 25. dxe5 Bc7 26. Qh3 Qe7 27. Bg3 1-0